000 00855cam a2200253 4500
001 M2040
008 090401t1995 xxu||||| |||| 00| 0 eng d
035 _a(Sirsi) u96294
041 _aeng
110 _aRoyal Institution of Chartered Surveyors
_94900
245 _aAgriculture Select Committee Inquiry : the UK dairy industry and the CAP dairy regieme.
260 _aLondon
_bRICS
_c1995
300 _a7p. ; 30cm.
350 _a4
490 _aRICS Memorandum
_vPU/REPORT(95)16
520 _aPrepared by the Joint Working Party of the Royal Institution of Chartered Surveyors and the Central Association of Agricultural Valuers.
650 _aCAP DAIRY REGIME
650 _aDAIRY INDUSTRY
650 _aMILK QUOTAS
690 _aRURAL PRACTICE
710 _aCentral Association of Agricultural Valuers
942 _n0
948 _c04/03/1997
999 _c98620
_d98620